The Earthscan Reader on Adaptation to Climate Change (Record no. 533736)

000 -LEADER
fixed length control field 00319nam a22001217a 4500
040 ## - CATALOGING SOURCE
Transcribing agency dlc
082 ## - DEWEY DECIMAL CLASSIFICATION NUMBER
Classification number 304.25
Author Mark SCH
100 ## - MAIN ENTRY--PERSONAL NAME
Personal name E.Lisa F. Schipper ; Lan Burton
9 (RLIN) 27699
245 ## - TITLE STATEMENT
Title The Earthscan Reader on Adaptation to Climate Change
260 ## - PUBLICATION, DISTRIBUTION, ETC.
Place of publication, distribution, etc. India
Name of publisher, distributor, etc. Routledge
Date of publication, distribution, etc. c2009
300 ## - PHYSICAL DESCRIPTION
Extent 459;pxv
942 ## - ADDED ENTRY ELEMENTS (KOHA)
Source of classification or shelving scheme
Koha item type Book
Holdings
Withdrawn status Lost status Source of classification or shelving scheme Damaged status Not for loan Permanent Location Current Location Date acquired Total Checkouts Full call number Barcode Date last seen Price effective from Koha item type
          School of Civil and Environmental Engineering (SCEE) School of Civil and Environmental Engineering (SCEE) 01/17/2020   304.25 SCH NIT-13061 01/17/2020 01/17/2020 Book
© 2023 Central Library, National University of Sciences and Technology. All Rights Reserved.